Manual de cultivo de árboles frutales y de adorno / (Record no. 162233)

MARC details
000 -LEADER
campo de control de longitud fija 01235nam a2200277 i 4500
001 - NÚMERO DE CONTROL
campo de control 162233
003 - IDENTIFICADOR DE NÚMERO DE CONTROL
campo de control ES-MaACL
005 - FECHA Y HORA DE LA ÚLTIMA TRANSACCIÓN
campo de control 20230906212446.0
008 - DATOS DE LONGITUD FIJA--INFORMACIÓN GENERAL
campo de control de longitud fija 940301s1880 sp |||| | spa d
100 1# - ENTRADA PRINCIPAL--NOMBRE DE PERSONA
Nombre de persona Plá y Rave, Eugenio.
9 (RLIN) 131225
245 10 - MENCIÓN DEL TÍTULO
Título Manual de cultivo de árboles frutales y de adorno /
Mención de responsabilidad, etc. por D. Eugenio Plá y Rave.
260 ## - PUBLICACIÓN, DISTRIBUCIÓN, ETC.
Lugar de publicación, distribución, etc. Madrid :
Nombre del editor, distribuidor, etc. [s.n.],
Fecha de publicación, distribución, etc. 1880 (
Fabricante Tip. de G. Estrada)
300 ## - DESCRIPCIÓN FÍSICA
Extensión 248 p. ;
Dimensiones 17 cm.
490 1# - MENCIÓN DE SERIE
Mención de serie Biblioteca enciclopédica popular ilustrada. Sección 2ª. Agricultura, cultivo y ganadería
505 8# - NOTA DE CONTENIDO CON FORMATO
Nota de contenido con formato Contiene: Generalidades botánicas . Multiplicación de las plantas leñosas . Operaciones de cultivo . Cultivo de árboles y arbustos
530 ## - NOTA DISPONIBLE DE FORMULARIO FÍSICO ADICIONAL
Nota de formato físico adicional disponible Disponible en formato digital.
596 ## - NOTA AL PIE DE IMPRENTA
NOTA AL PIE DE IMPRENTA Marca tip. en port.
650 #4 - PUNTO DE ACCESO ADICIONAL DE MATERIA--TÉRMINO DE MATERIA
Término de materia o nombre geográfico como elemento de entrada Fruticultura.
9 (RLIN) 12986
650 #4 - PUNTO DE ACCESO ADICIONAL DE MATERIA--TÉRMINO DE MATERIA
Término de materia o nombre geográfico como elemento de entrada Árboles frutales.
9 (RLIN) 172768
650 #4 - PUNTO DE ACCESO ADICIONAL DE MATERIA--TÉRMINO DE MATERIA
Término de materia o nombre geográfico como elemento de entrada Árboles ornamentales.
9 (RLIN) 172769
700 1# - ENTRADA AGREGADA--NOMBRE PERSONAL
Nombre de persona Estrada, Gregorio.
9 (RLIN) 126979
830 1# - PUNTO DE ACCESO ADICIONAL DE SERIE-TÍTULO UNIFORME
Título uniforme Biblioteca enciclopédica popular ilustrada. Sección 2ª. Agricultura, cultivo y ganadería
9 (RLIN) 182523
852 ## - LOCALIZACIÓN
Ubicación ES-MaACL
Número de control de estantería F-13609
Nota libre - Enc. hol.
856 ## - LOCALIZACIÓN Y ACCESO ELECTRÓNICOS
Identificador Uniforme de Recursos <a href="http://bdh-rd.bne.es/viewer.vm?id=0000187027&page=1 ">http://bdh-rd.bne.es/viewer.vm?id=0000187027&page=1 </a>
Nota pública Biblioteca Digital Hispánica
Holdings
Estatus retirado Estado de pérdida Estado de daño No para préstamo Colección Biblioteca de origen Biblioteca actual Ubicación en estantería Fecha de adquisición Fuente de adquisición Total de préstamos Signatura topográfica completa Código de barras Visto por última vez Precio de reemplazo Tipo de ítem Koha
        Colección digital Biblioteca del Ateneo de Madrid Biblioteca del Ateneo de Madrid Sala Pecera Planta 2 17/01/2008     F-13609 1169960 23/02/2023 23/02/2023 Libro impreso antiguo